01010pam a2200289 a 45000010008000000030004000080050017000120080041000290100017000700200023000870400018001100420009001280500021001370820024001581000022001822450075002042460047002792460047003262600054003733000029004275200092004566500038005486500055005866500032006416500020006737000027006932104769OSt20210205155908.0960124s1996 miua j 000 0 eng  a 96003209  a0800755995 (paper) aDLCcDLCdDLC alcac00aBV4531.2bST832I00a248.8/3220bST832I1 aStephens, Andrea.10aI'm glad you know where we're going, Lord /cAndrea and Bill Stephens.3 aI am glad you know where we're going, Lord10aI'm glad you know where we are going, Lord aGrand Rapids, Mich. :bFleming H. Revell,cc1996. a190 p. :bill. ;c21 cm. aA devotional designed to help the reader discover and follow God's plan for one's life. 0aTeenagersvPrayers and devotions. 0aSpiritual lifexChristianityvJuvenile literature. 1aPrayer books and devotions. 1aChristian life.1 aStephens, Bill,d1957-